LIBRARY & INFORMATION CENTRE, KCAET, TAVANUR

ONLINE PUBLIC ACCESS CATALOGUE (OPAC)

Normal view MARC view
  • Jahana Thasneem P

Entry Personal Name

Number of records used in: 2

001 - CONTROL NUMBER

  • control field: 4948

003 - CONTROL NUMBER IDENTIFIER

  • control field: OSt

005 - DATE AND TIME OF LATEST TRANSACTION

  • control field: 20210906122521.0

008 - FIXED-LENGTH DATA ELEMENTS

  • fixed length control field: 210906|| aca||aabn | a|a d

040 ## - CATALOGING SOURCE

  • Original cataloging agency: OSt
  • Transcribing agency: OSt

100 ## - HEADING--PERSONAL NAME

  • Personal name: Jahana Thasneem P

670 ## - SOURCE DATA FOUND

  • Source citation: Work cat.: (OSt): Drisya A K 4946, Invstions on Ergonomics and safety measures of Agricultural implements used by workers of Mgnrega , 2021
free website counter